Norway 2026 World Cup Squad - Statistics

General Stats
  • This quiz has been taken 8 times
  • The average score is 17 of 27
Answer Stats
Hint Answer % Correct
FW Alexander Sorloth
100%
MF Antonio Nusa
100%
FW Erling Haaland
100%
MF Martin Odegaard
100%
MF Patrick Berg
100%
DF David Moller Wolfe
86%
GK Orjan Nyland
86%
MF Sander Berge
86%
Stale Solbakken
86%
DF Kristoffer Ajer
71%
MF Andreas Schjelderup
57%
FW Jorgen Strand Larsen
57%
DF Julian Ryerson
57%
DF Leo Ostigard
57%
MF Morten Thorsby
57%
MF Oscar Bobb
57%
GK Egil Selvik
43%
MF Fredrik Aursnes
43%
DF Fredrik Bjorkan
43%
DF Henrik Falchener
43%
MF Jens Hauge
43%
GK Sander Tangvik
43%
DF Torbjorn Heggem
43%
MF Kristian Thorstvedt
29%
DF Marcus Pedersen
29%
DF Sondre Langas
29%
MF Thelonious Aasgaard
29%
No matching quizzes found
Score Distribution
Percent of People with Each Score
Percentile by Number Answered
Your Score History
You have not taken this quiz